000 00850 a2200217 4500
001 24972
005 20260407155532.0
008 260407a1995 arg spa d
003 AR-UNSa-BCEJYS
040 _aAR-UNSa-BCEJYS
_bspa
_cAR-UNSa-BCEJYS
080 _a517.5
_xTeoría de funciones
245 1 0 _aIntroducción al análisis matemático
_pCálculo 1
250 _a13a. ed
264 1 _aBuenos Aires :
_bEl Ateneo
_c1995
300 _a499 p.
_c23 cm.
505 _a1. Nociones Previas - 2. Conjuntos de puntos - 3. Funciones escalares - 4. Límite funcional - 5. Continuidad - 6. Derivada - 7. Máximos y mínimos - 8. Fórmula de Taylor - 9. Sucesiones numéricas - 10. Series numéricas - 11. Primitivas - 12.Integral definida.
041 _aspa
942 _cBK
590 _aniveau_biblio:m niveau_hierar:0
100 1 _aRabuffetti, Hebe T.
999 _c1249
_d1249